000 00709nam a2200229Ia 4500
003 OSt
005 20220926005215.0
006 a|||||r|||| 00| 0
007 ta
008 220923b |||||||| |||| 00| 0 eng d
020 _a9780761935803
037 _cGeneral Book
040 _aRTL
_cRTL
_beng
041 _2eng
_aeng
082 _aY9(4):(P152).2, P7/TD
100 _aNINAN Sevanti
_9307205
245 0 _aHeadlines from the heartland
_b Reinventing the Hindi public sphere.
260 _a New Delhi
_bSage Publications
_c1951
300 _a308p. Bibliography:P 298-300
_ccm.
942 _hY9(4):(P152).2, P7/TD
_cGB
_2CC
999 _c613165
_d613165